000 00280nam a2200097Ia 4500
001 1300119
005 20260420095858.0
008 260420s9999 xx 000 0 und d
245 0 _aCAN İLE CANAN - BİTKİLERİ SEVİYORUZ
_cNEFİSE ATÇAKARLAR
260 _bTİMAŞ ÇOCUK YAYINLARI
999 _c1300119
_d1300119